000 00409nam a2200145 i 4500
001 88513
003 ES-MaACL
007 t|
008 050104s1906 fr ||||1| fre d
100 1 _aLandry, Adolphe.
_969973
245 1 0 _aPrincipes de morale rationnelle /
_cpar Adolphe Landry.
260 _aParis :
_b[s.n.,
_c1906] (
_eChartres :
_fDurand)
300 _aX, 218 p. ;
_c23 cm.
852 _aES-MaACL
_jB-6816
999 _c88513
_d88513